Loading...

Madhyamangalude adinivesam /

Bibliographic Details
Other Authors: Francis , Karackat (Editor)
Language:Undetermined
Published: Angadikadavu : Don Bosco College Journalism , 2005.
Subjects:
LEADER 00745nam a2200181Ia 4500
001 160628
008 170722s9999 xx 000 0 und d
245 |a Madhyamangalude adinivesam / 
260 |a Angadikadavu :  |b Don Bosco College Journalism ,  |c 2005. 
300 |a 184 p. 
653 |a Communication 
653 |a Media 
700 |a Francis , Karackat  |e editor. 
923 |d 20090121  |n 000380 
942 |c GEN 
999 |c 140366  |d 140366 
952 |0 0  |1 0  |4 0  |6 1320BM2_32P5KRP51  |7 0  |9 198255  |a LIB  |b LIB  |d 2013-03-25  |e D C Books  |o 1:3,20bM2 32P5(KR)-P5;1  |p 272941  |r 2017-08-12  |v 120.00  |w 2017-08-12  |y GEN 
952 |0 0  |1 0  |4 0  |6 1320BM2_32P5KRP51  |7 0  |9 198256  |a LIB  |b LIB  |d 2013-03-25  |e D C Books  |l 5  |o 1:3,20bM2 32P5(KR)-P5;1  |p 272942  |r 2019-04-29  |s 2019-04-27  |v 120.00  |w 2017-08-12  |y GEN